Nez Perce-Snake River Water Rights Act : hearing before the Committee on Indian Affairs, United States Senate, One Hundred Eighth Congress, second session, on S. 2605, to direct the Secretary of the Interior and the heads of other federal agencies to carryout an agreement resolving major issues relating to the adjudication of water rights in the Snake River Basin, Idaho, July 20, 2004, Washington, DC.

Bibliographic Details
Corporate Author: United States. Congress. Senate. Committee on Indian Affairs (1993- )
Format: Government Document Book
Language:English
Published: Washington : U.S. G.P.O. : 2004.
Series:S. hrg. ; 108-636
Subjects:
Online Access:https://purl.fdlp.gov/GPO/LPS56671

MARC

Tag First Indicator Second Indicator Subfields
LEADER 00000cam a2200000 a 4500
001 in00002014849
005 20211202202900.0
008 041216s2004 dcua f000 0 eng c
020 |a 0160740746 
035 |a (OCoLC)ocm57225862 
037 |a 552-070-32111-0  |b GPO 
040 |a SEN  |c SEN  |d GPO  |d MvI  |d UtOrBLW 
042 |a pcc 
043 |a n-us-id 
049 |a UDOC 
049 |a WWW 
050 1 4 |a KF26  |b .I45 2004q 
074 |a 1009-B-05 
074 |a 1009-B-05 (online) 
074 |a 1009-C-05 (MF) 
074 |a 1009-C-05 (online) 
086 0 |a Y 4.IN 2/11:S.HRG.108-636 
110 1 |a United States.  |b Congress.  |b Senate.  |b Committee on Indian Affairs (1993- ) 
245 1 0 |a Nez Perce-Snake River Water Rights Act :  |b hearing before the Committee on Indian Affairs, United States Senate, One Hundred Eighth Congress, second session, on S. 2605, to direct the Secretary of the Interior and the heads of other federal agencies to carryout an agreement resolving major issues relating to the adjudication of water rights in the Snake River Basin, Idaho, July 20, 2004, Washington, DC. 
246 3 |a Nez Perce Snake River Water Rights Act 
264 1 |a Washington :  |b U.S. G.P.O. :  |c 2004. 
264 2 |a Washington :  |b For sale by the Supt. of Docs., U.S. G.P.O., 
300 |a iii, 126 pages :  |b illustrations ;  |c 24 cm. 
336 |a text  |b txt  |2 rdacontent 
337 |a unmediated  |b n  |2 rdamedia 
338 |a volume  |b nc  |2 rdacarrier 
490 1 |a S. hrg. ;  |v 108-636 
500 |a Distributed to some depository libraries in microfiche. 
500 |a Shipping list number: 2005-0056-P. 
500 |a Also available via Internet from the GPO Access web site. Address as of 12/27/04: http://frwebgate.access.gpo.gov/cgi-bin/getdoc.cgi?dbname=108%5Fsenate%5Fhearings&docid=f:95051.pdf; current access is available via PURL. 
500 |a Shipping List Date: 12/16/2004 
650 0 |a Nez Percé Indians  |z Idaho  |x Claims. 
650 0 |a Nez Percé Indians  |x Legal status, laws, etc.  |z Idaho. 
650 0 |a Water rights  |z Idaho. 
651 0 |a Snake River (Wyo.-Wash.) 
810 1 |a United States.  |b Congress.  |b Senate.  |t S. hrg. ;  |v 108-636. 
856 4 1 |u https://purl.fdlp.gov/GPO/LPS56671  |t 0 
999 |a MARS 
999 f f |s 39052331-2fce-3342-a1ff-38d55fd9814e  |i eaef0cc3-9b2d-34cf-a7a2-c98b4d08c2f3  |t 0 
952 f f |a Texas A&M University  |b College Station  |c Electronic Resources  |d Available Online  |t 0  |e Y 4.IN 2/11:S.HRG.108-636  |h Superintendent of Documents classification 
998 f f |a Y 4.IN 2/11:S.HRG.108-636  |t 0  |l Available Online